[Event "Bangabandhu-chT"]
[Site "Dhaka"]
[Date "2024.02.03"]
[Round "3.1"]
[White "Mohammad Fahad, Rahman"]
[Black "Mehdi, Hasan Parag"]
[Result "1-0"]
[WhiteElo "2418"]
[BlackElo "2135"]
[PlyCount "65"]
[EventDate "2024.02.01"]
[EventType "team-tourn"]
[EventRounds "11"]
[EventCountry "BAN"]
[SourceTitle "CB06_2024"]
[SourceDate "2024.02.07"]
[SourceVersion "1"]
[SourceVersionDate "2024.02.07"]
[SourceQuality "1"]
[WhiteTeam "Bangladesh Police"]
[BlackTeam "Titas Club"]
[WhiteTeamCountry "BAN"]
[BlackTeamCountry "BAN"]

1. e4 e5 2. Nf3 Nc6 3. Bb5 a6 4. Ba4 Nf6 5. 0-0 Be7 6. d3 b5 7. Bb3 d6 8. a4 b4 9. a5 0-0 10. c3 Rb8 11. Nbd2 h6 12. h3 Re8 13. Re1 Bf8 14. d4 bxc3 15. bxc3 exd4 16. cxd4 Nb4 17. d5 c5 18. Bc2 Bd7 19. Nc4 Bb5 20. Nb6 Rb7 21. Bb2 Nd7 22. Nxd7 Rxd7 23. Bc3 Be7 24. Bxb4 cxb4 25. Bd3 Rb7 26. Nd4 Bf6 27. Bxb5 Bxd4 28. Bxe8 Bxa1 29. Bc6 Bc3 30. Bxb7 Bxe1 31. Qxe1 Qxa5 32. e5 Qb6 33. e6 1-0

[Event "South Asian Chess Council-ch"]
[Site "Godawari"]
[Date "2023.06.16"]
[Round "5"]
[White "Jaiswal, Rupesh"]
[Black "Mehdi, Hasan Parag"]
[Result "1-0"]
[WhiteElo "2146"]
[BlackElo "2212"]
[PlyCount "91"]
[EventDate "2023.06.14"]
[EventType "tourn"]
[EventRounds "9"]
[EventCountry "NEP"]
[SourceTitle "CBM 214 Extra"]
[Source "ChessBase"]
[SourceDate "2023.07.31"]
[SourceVersion "1"]
[SourceVersionDate "2023.07.31"]
[SourceQuality "1"]

1. e4 c6 2. d4 d5 3. e5 Bf5 4. Nd2 e6 5. Nb3 Nd7 6. Nf3 a6 7. Be2 c5 8. dxc5 Bxc5 9. Nxc5 Qa5+ 10. c3 Qxc5 11. Nd4 Ne7 12. Be3 Qc7 13. f4 Bg6 14. 0-0 h5 15. Rc1 b5 16. a4 Nb6 17. axb5 Nc4 18. b6 Nxb6 19. Ra1 Qb7 20. Qb3 0-0 21. Nxe6 fxe6 22. Qxb6 Qxb6 23. Bxb6 Rfb8 24. Bc5 Rxb2 25. Rf2 Nc6 26. Bg4 Rxf2 27. Bxe6+ Bf7 28. Bxf7+ Kxf7 29. Kxf2 Ke6 30. Kf3 g5 31. fxg5 Nxe5+ 32. Kg3 a5 33. Bd4 Nc4 34. g6 a4 35. Re1+ Kd6 36. g7 a3 37. Rf1 a2 38. Ra1 Ke6 39. Rxa2 Rg8 40. Rf2 Ne5 41. Re2 Rxg7+ 42. Kh4 Rg4+ 43. Kxh5 Re4 44. Rxe4 dxe4 45. Bxe5 Kxe5 46. Kg4 1-0

[Event "South Asian Chess Council-ch"]
[Site "Godawari"]
[Date "2023.06.15"]
[Round "4"]
[White "Mehdi, Hasan Parag"]
[Black "Amer, Karim"]
[Result "0-1"]
[WhiteElo "2212"]
[BlackElo "2046"]
[PlyCount "86"]
[EventDate "2023.06.14"]
[EventType "tourn"]
[EventRounds "9"]
[EventCountry "NEP"]
[SourceTitle "CBM 214 Extra"]
[Source "ChessBase"]
[SourceDate "2023.07.31"]
[SourceVersion "1"]
[SourceVersionDate "2023.07.31"]
[SourceQuality "1"]

1. e4 c5 2. Nf3 d6 3. d4 cxd4 4. Nxd4 Nf6 5. Nc3 a6 6. Be3 e5 7. Nb3 Be6 8. f3 Be7 9. Qd2 0-0 10. 0-0-0 Nbd7 11. g4 b5 12. g5 Nh5 13. Nd5 Bxd5 14. exd5 a5 15. Kb1 a4 16. Nc1 Rb8 17. Nd3 Rb7 18. Nb4 Nb8 19. Rg1 Qd7 20. Rg4 Bd8 21. Bh3 Qe8 22. Re4 Ba5 23. Bg4 f5 24. gxf6 Nxf6 25. Be6+ Kh8 26. Rh4 Na6 27. a3 Nc7 28. Bf5 g6 29. Be4 Nxe4 30. fxe4 Bxb4 31. axb4 Na8 32. Rg1 Nb6 33. Bxb6 Rxb6 34. Qh6 Rb7 35. Rhg4 Rg7 36. h4 Rf2 37. Qe3 Rgf7 38. h5 Rf1+ 39. Ka2 Qc8 40. Qe2 R7f2 41. Qd3 Rf3 42. Qxb5 Qxc2 43. Rxf1 Ra3+ 0-1

[Event "South Asian Chess Council-ch"]
[Site "Godawari"]
[Date "2023.06.14"]
[Round "2"]
[White "Mehdi, Hasan Parag"]
[Black "Mohammed Abdul, Malek"]
[Result "1-0"]
[WhiteElo "2212"]
[BlackElo "2113"]
[PlyCount "123"]
[EventDate "2023.06.14"]
[EventType "tourn"]
[EventRounds "9"]
[EventCountry "NEP"]
[SourceTitle "CBM 214 Extra"]
[Source "ChessBase"]
[SourceDate "2023.07.31"]
[SourceVersion "1"]
[SourceVersionDate "2023.07.31"]
[SourceQuality "1"]

1. e4 d6 2. d4 Nf6 3. Nc3 g6 4. f4 Bg7 5. Bd3 e5 6. Nf3 exd4 7. Nxd4 0-0 8. Nf3 Nbd7 9. 0-0 Re8 10. Bc4 Nb6 11. Bb3 Be6 12. Bxe6 Rxe6 13. f5 Re8 14. fxg6 fxg6 15. Qd3 Qd7 16. a4 Qc6 17. a5 Nbd7 18. Ra4 Ne5 19. Nxe5 Rxe5 20. Bf4 Rxa5 21. Rxa5 Qb6+ 22. Be3 Qxa5 23. Qc4+ Kh8 24. Bd4 Rf8 25. Nd5 Nd7 26. Rxf8+ Nxf8 27. b4 Qa3 28. Bxg7+ Kxg7 29. Qxc7+ Kh6 30. Kf2 Qc1 31. Qc8 Qd2+ 32. Kf3 Qd1+ 33. Kg3 Qe1+ 34. Kh3 Qf2 35. Qg4 Qf7 36. Nf4 g5 37. Nd5 Ne6 38. Kg3 Kg6 39. e5 Ng7 40. Qe4+ Kh6 41. Nf6 Ne6 42. Ng4+ Kh5 43. exd6 Qf4+ 44. Qxf4 gxf4+ 45. Kf3 Kg5 46. d7 Kf5 47. c3 Nd8 48. h4 h5 49. Nf2 Nc6 50. Nd3 b6 51. b5 Nd8 52. Nxf4 Nf7 53. Ke3 Ke5 54. Nxh5 Ke6 55. Kd4 Kxd7 56. Kd5 Nd6 57. Nf6+ Ke7 58. Ng8+ Kd7 59. c4 Nf5 60. h5 Ke8 61. Nf6+ Kf7 62. Ng4 1-0

[Event "Asia zt 3.2"]
[Site "Dhaka"]
[Date "2023.05.10"]
[Round "9"]
[White "Ghosh, Chanchal Kumer"]
[Black "Mehdi, Hasan Parag"]
[Result "0-1"]
[WhiteElo "2020"]
[BlackElo "2219"]
[PlyCount "94"]
[EventDate "2023.05.02"]
[EventType "swiss"]
[EventRounds "9"]
[EventCountry "BAN"]
[SourceTitle "CBM 214 Extra"]
[Source "ChessBase"]
[SourceDate "2023.07.31"]
[SourceVersion "1"]
[SourceVersionDate "2023.07.31"]
[SourceQuality "1"]

1. e4 c5 2. Nf3 d6 3. d4 cxd4 4. Nxd4 Nf6 5. Nc3 a6 6. Be2 e5 7. Nb3 Be7 8. 0-0 0-0 9. f4 Nbd7 10. f5 b5 11. a3 Bb7 12. Bf3 Rc8 13. Qe1 Re8 14. Rf2 d5 15. exd5 e4 16. Nxe4 Nxe4 17. Bxe4 Bh4 18. g3 Nf6 19. Re2 Rxe4 20. Rxe4 Qxd5 21. Na5 Ba8 22. c4 bxc4 23. Nxc4 Nxe4 24. Nb6 Qxf5 25. Nxc8 Qxc8 26. gxh4 Qg4+ 27. Kf1 Qf3+ 28. Kg1 Nf6 29. Qf1 Qh1+ 30. Kf2 Qxh2+ 31. Ke1 Qxh4+ 32. Qf2 Qh1+ 33. Qf1 Qb7 34. Qd3 h5 35. Qd8+ Kh7 36. Qd3+ g6 37. Be3 Qh1+ 38. Qf1 Qe4 39. Kd2 Qd5+ 40. Ke1 Qe6 41. Qe2 Ne4 42. Bd4 Bc6 43. Qe3 Qf5 44. a4 h4 45. b3 Ng5 46. Bb2 Bg2 47. Qc3 Qf1+ 0-1

[Event "Asia zt 3.2"]
[Site "Dhaka"]
[Date "2023.05.07"]
[Round "6"]
[White "Liyanage, Ranindu Dilshan"]
[Black "Mehdi, Hasan Parag"]
[Result "1-0"]
[WhiteElo "2342"]
[BlackElo "2219"]
[PlyCount "67"]
[EventDate "2023.05.02"]
[EventType "swiss"]
[EventRounds "9"]
[EventCountry "BAN"]
[SourceTitle "CBM 214 Extra"]
[Source "ChessBase"]
[SourceDate "2023.07.31"]
[SourceVersion "1"]
[SourceVersionDate "2023.07.31"]
[SourceQuality "1"]

1. d4 d5 2. c4 c6 3. Nc3 Nf6 4. Nf3 dxc4 5. a4 Bf5 6. Ne5 Nbd7 7. Nxc4 Nb6 8. Ne5 a5 9. h4 Nfd7 10. Nxd7 Bxd7 11. e4 Qc7 12. Be3 e6 13. Bd3 Bb4 14. 0-0 h5 15. Qf3 e5 16. Qg3 0-0-0 17. Nb5 cxb5 18. Rfc1 Nc4 19. axb5 Bxb5 20. b3 exd4 21. Bf4 Qd7 22. Bxc4 Bc6 23. Qxg7 Rhe8 24. Bd5 d3 25. Qh6 Re6 26. Qxh5 Rg8 27. Rc4 Reg6 28. g3 Qe7 29. Qf5+ Kd8 30. Bxc6 Rxc6 31. Rxc6 bxc6 32. Rd1 d2 33. Bxd2 Qd6 34. Bg5+ 1-0

[Event "Asia zt 3.2"]
[Site "Dhaka"]
[Date "2023.05.03"]
[Round "2"]
[White "Siam, Chowdhury"]
[Black "Mehdi, Hasan Parag"]
[Result "0-1"]
[WhiteElo "1765"]
[BlackElo "2219"]
[PlyCount "46"]
[EventDate "2023.05.02"]
[EventType "swiss"]
[EventRounds "9"]
[EventCountry "BAN"]
[SourceTitle "CBM 214 Extra"]
[Source "ChessBase"]
[SourceDate "2023.07.31"]
[SourceVersion "1"]
[SourceVersionDate "2023.07.31"]
[SourceQuality "1"]

1. e4 e5 2. Nf3 Nc6 3. Bb5 a6 4. Ba4 Nf6 5. 0-0 Be7 6. Re1 b5 7. Bb3 0-0 8. c3 d5 9. exd5 Nxd5 10. Nxe5 Nxe5 11. Rxe5 c6 12. d4 Bd6 13. Re1 Qh4 14. g3 Qh3 15. Be3 Ra7 16. Qd3 Re7 17. Nd2 Rfe8 18. Bxd5 cxd5 19. Nb3 Bg4 20. Bd2 Be2 21. Rxe2 Rxe2 22. Rb1 h5 23. Be3 R8xe3 0-1

[Event "Asia zt 3.2"]
[Site "Dhaka"]
[Date "2023.05.02"]
[Round "1"]
[White "Mehdi, Hasan Parag"]
[Black "Md Sajidul, Haque"]
[Result "0-1"]
[WhiteElo "2219"]
[BlackElo "1915"]
[PlyCount "122"]
[EventDate "2023.05.02"]
[EventType "swiss"]
[EventRounds "9"]
[EventCountry "BAN"]
[SourceTitle "CBM 214 Extra"]
[Source "ChessBase"]
[SourceDate "2023.07.31"]
[SourceVersion "1"]
[SourceVersionDate "2023.07.31"]
[SourceQuality "1"]

1. e4 c6 2. d4 d5 3. e5 Bf5 4. Nd2 e6 5. Nb3 a6 6. Nf3 c5 7. Nxc5 Bxc5 8. dxc5 Qa5+ 9. c3 Qxc5 10. Nd4 Bg6 11. Be2 Nd7 12. f4 Ne7 13. Be3 Qc7 14. 0-0 h5 15. Rc1 b5 16. a4 bxa4 17. Qxa4 0-0 18. c4 dxc4 19. Rxc4 Qb7 20. Bf3 Nd5 21. Nc6 Qxb2 22. Bxd5 exd5 23. Ne7+ Kh7 24. Rb4 Qe2 25. Bf2 Bd3 26. Re1 Qd2 27. Rd4 Nc5 28. Qa3 Ne4 29. Bg3 Nc3 30. Nxd5 Rfd8 31. Rxd3 Qxd3 32. Nxc3 Rdc8 33. Nb1 Qc2 34. Qf3 Rab8 35. Qxh5+ Kg8 36. Na3 Qc5+ 37. Bf2 Qxa3 38. e6 fxe6 39. Qe5 Qa2 40. Bd4 Rb7 41. h4 Qd5 42. Qxe6+ Qxe6 43. Re4 Qe5 44. Rxe5 Ra8 45. Re6 a5 46. h5 a4 47. h6 a3 48. hxg7 Rf7 49. Rh6 Rxg7 50. Kf2 Rh7 51. Rg6+ Kf7 52. f5 a2 53. Rf6+ Ke8 54. Re6+ Re7 55. Rg6 a1Q 56. Bxa1 Rxa1 57. g4 Ra3 58. f6 Ree3 59. g5 Reb3 60. Rg8+ Kf7 61. Rg7+ Kf8 0-1

[Event "BAN-ch 47th"]
[Site "Dhaka"]
[Date "2022.12.29"]
[Round "13"]
[White "Mehdi, Hasan Parag"]
[Black "Subrota, Biswas"]
[Result "0-1"]
[WhiteElo "2198"]
[BlackElo "2312"]
[PlyCount "72"]
[EventDate "2022.12.15"]
[EventType "tourn"]
[EventRounds "13"]
[EventCountry "BAN"]
[EventCategory "1"]
[SourceTitle "CBM 212 Extra"]
[Source "ChessBase"]
[SourceDate "2023.03.31"]
[SourceVersion "1"]
[SourceVersionDate "2023.03.31"]
[SourceQuality "1"]

1. e4 e6 2. d4 d5 3. e5 c5 4. c3 Nc6 5. Nf3 Bd7 6. Be2 Nge7 7. Na3 Ng6 8. h4 cxd4 9. cxd4 Be7 10. g3 0-0 11. h5 Nh8 12. h6 g6 13. Nc2 f6 14. exf6 Bxf6 15. Ne3 Nf7 16. Ng4 Bh8 17. 0-0 Nd6 18. Bf4 Rxf4 19. gxf4 Qf8 20. Nfe5 Rd8 21. Qd2 Nf5 22. Rac1 Nfxd4 23. Rc3 Qxf4 24. Rd1 Nxe2+ 25. Qxe2 Nxe5 26. Rg3 Rf8 27. Ne3 Bb5 28. Qc2 Bd3 29. Rxd3 Nxd3 30. Nd1 Nxf2 31. Rxg6+ Kf7 32. Rg2 Nh3+ 33. Kh1 Qf1+ 34. Kh2 Be5+ 35. Kxh3 Qf3+ 36. Kh4 Bf6+ 0-1

[Event "BAN-ch 47th"]
[Site "Dhaka"]
[Date "2022.12.25"]
[Round "10"]
[White "Anata, Choudhury"]
[Black "Mehdi, Hasan Parag"]
[Result "0-1"]
[WhiteElo "2188"]
[BlackElo "2198"]
[PlyCount "90"]
[EventDate "2022.12.15"]
[EventType "tourn"]
[EventRounds "13"]
[EventCountry "BAN"]
[EventCategory "1"]
[SourceTitle "CBM 212 Extra"]
[Source "ChessBase"]
[SourceDate "2023.03.31"]
[SourceVersion "1"]
[SourceVersionDate "2023.03.31"]
[SourceQuality "1"]

1. e4 c5 2. Nf3 d6 3. d4 cxd4 4. Nxd4 Nf6 5. Nc3 a6 6. h3 e5 7. Nf3 Be7 8. g4 Be6 9. g5 Nh5 10. Be3 Nd7 11. Qd2 Rc8 12. 0-0-0 Nb6 13. Kb1 0-0 14. Nh4 g6 15. Ng2 Nc4 16. Bxc4 Rxc4 17. b3 Rc8 18. Nd5 Bxd5 19. Qxd5 Rc6 20. h4 Qc7 21. Ne1 Rc8 22. c4 Bf8 23. Nc2 Nf4 24. Bxf4 exf4 25. Nb4 Rb6 26. Qd2 Rxb4 27. Qxb4 d5 28. c5 Bxc5 29. Qe1 Ba3 30. Qe2 f3 31. Qd2 dxe4 32. Rhe1 Qe5 33. Re3 a5 34. b4 axb4 35. Rde1 Qb5 36. Qd4 Qc6 37. Qd2 Qb5 38. Qd4 b3 39. Rxb3 Qe2 40. Qd1 Rc1+ 41. Qxc1 Bxc1 42. Rxc1 Qxf2 43. Rxb7 Qxh4 44. Rc8+ Kg7 45. Rcc7 Qf4 0-1

[Event "BAN-ch 47th"]
[Site "Dhaka"]
[Date "2022.12.24"]
[Round "9"]
[White "Mehdi, Hasan Parag"]
[Black "Rahman, Ziaur"]
[Result "1/2-1/2"]
[WhiteElo "2198"]
[BlackElo "2464"]
[PlyCount "135"]
[EventDate "2022.12.15"]
[EventType "tourn"]
[EventRounds "13"]
[EventCountry "BAN"]
[EventCategory "1"]
[SourceTitle "CBM 212 Extra"]
[Source "ChessBase"]
[SourceDate "2023.03.31"]
[SourceVersion "1"]
[SourceVersionDate "2023.03.31"]
[SourceQuality "1"]

1. e4 c5 2. Nf3 e6 3. d4 cxd4 4. Nxd4 a6 5. Nc3 b5 6. Bd3 Bb7 7. 0-0 Nc6 8. Nxc6 Bxc6 9. Re1 Qb8 10. a4 bxa4 11. Nxa4 Bd6 12. h3 Nf6 13. Be3 Bh2+ 14. Kh1 Bf4 15. Bd4 e5 16. Bc3 d6 17. Qe2 0-0 18. b3 Re8 19. Ba5 Nd7 20. b4 f5 21. c4 Nf6 22. Nc3 Qb7 23. Rad1 Rf8 24. Nd5 Bxd5 25. cxd5 Nxe4 26. Bxe4 fxe4 27. Qxe4 Rac8 28. g3 Bh6 29. Kg2 Qb5 30. Qd3 Qxd3 31. Rxd3 Rc2 32. Bb6 Rb8 33. Ba5 Rb5 34. h4 g5 35. Re4 Rb7 36. Rg4 Rg7 37. h5 Rf7 38. Bb6 Kg7 39. Be3 Kf6 40. Ra3 Kf5 41. Kh3 Bf8 42. Rxa6 h6 43. b5 e4 44. Ra4 Re7 45. Rb4 Bg7 46. b6 Rb2 47. Rgxe4 Rxe4 48. g4+ Rxg4 49. Rxg4 Be5 50. Rc4 Bf4 51. Bd4 Rb3+ 52. Kg2 Be5 53. Be3 Bf4 54. Bxf4 gxf4 55. Rc7 Rxb6 56. Rc6 Rb3 57. Rxd6 Kg5 58. Rg6+ Kxh5 59. Rg7 Rd3 60. d6 Kh4 61. d7 f3+ 62. Kh2 Rd2 63. Kg1 h5 64. Kh1 Rd1+ 65. Kh2 Rd2 66. Kg1 Rd1+ 67. Kh2 Rd2 68. Kg1 1/2-1/2

[Event "BAN-chT Premier"]
[Site "Dhaka"]
[Date "2022.12.07"]
[Round "8.3"]
[White "Chowdhury, Sohel"]
[Black "Mehdi, Hasan Parag"]
[Result "1-0"]
[WhiteElo "2004"]
[BlackElo "2185"]
[PlyCount "103"]
[EventDate "2022.11.30"]
[EventType "team-tourn"]
[EventRounds "11"]
[EventCountry "BAN"]
[SourceTitle "CBM 211 Extra"]
[Source "ChessBase"]
[SourceDate "2023.01.31"]
[SourceVersion "1"]
[SourceVersionDate "2023.01.31"]
[SourceQuality "1"]
[WhiteTeam "Manha's Castle"]
[BlackTeam "Bangladesh Police"]
[WhiteTeamCountry "BAN"]
[BlackTeamCountry "BAN"]

1. e4 e5 2. Nf3 Nc6 3. Bb5 a6 4. Ba4 Nf6 5. 0-0 Nxe4 6. d4 b5 7. Bb3 d5 8. Nxe5 Nxe5 9. dxe5 Be6 10. Nd2 Nc5 11. c3 Nxb3 12. Nxb3 c5 13. Be3 Rc8 14. f4 g6 15. Qf3 h5 16. h3 Be7 17. Rad1 a5 18. Rd2 a4 19. Nc1 Qd7 20. Rfd1 Qc6 21. a3 h4 22. Ne2 Rd8 23. Kh2 Qc8 24. Ng1 b4 25. cxb4 cxb4 26. Ne2 bxa3 27. bxa3 0-0 28. Bb6 Rd7 29. Nd4 Rb7 30. Rc2 Qd7 31. Bc5 Rfb8 32. Bxe7 Qxe7 33. Rdc1 Rb3 34. Qf2 Qe8 35. Qxh4 Rd3 36. Nxe6 Qxe6 37. Rc6 Qf5 38. Rf6 Qh5 39. Qxh5 gxh5 40. Rc7 Rf8 41. Rd7 h4 42. Ra6 Rxa3 43. Rxd5 Rc8 44. Rd4 Rg3 45. f5 Re3 46. Rg4+ Kh7 47. Rxh4+ Kg7 48. Rg4+ Kh7 49. Ra7 Rxe5 50. Rxf7+ Kh8 51. Rxa4 Kg8 52. Raa7 1-0

[Event "BAN-chT Premier"]
[Site "Dhaka"]
[Date "2022.12.04"]
[Round "5.4"]
[White "Mehdi, Hasan Parag"]
[Black "Jabed, Al Azad"]
[Result "1/2-1/2"]
[WhiteElo "2185"]
[BlackElo "2084"]
[PlyCount "100"]
[EventDate "2022.11.30"]
[EventType "team-tourn"]
[EventRounds "11"]
[EventCountry "BAN"]
[SourceTitle "CBM 211 Extra"]
[Source "ChessBase"]
[SourceDate "2023.01.31"]
[SourceVersion "1"]
[SourceVersionDate "2023.01.31"]
[SourceQuality "1"]
[WhiteTeam "Bangladesh Police"]
[BlackTeam "Uttara Central CC"]
[WhiteTeamCountry "BAN"]
[BlackTeamCountry "BAN"]

1. e4 c6 2. d4 d5 3. e5 Bf5 4. Nd2 e6 5. Nb3 Nd7 6. Nf3 Ne7 7. Be2 c5 8. c3 Nc6 9. 0-0 Be7 10. dxc5 Nxc5 11. Nxc5 Bxc5 12. b4 Bb6 13. b5 Ne7 14. Ba3 Rc8 15. Rc1 0-0 16. Nd4 Bc5 17. Bxc5 Rxc5 18. Qd2 h6 19. Qe3 Qb6 20. g4 Be4 21. f3 Bg6 22. f4 Rfc8 23. Rf3 Be4 24. Rg3 R5c7 25. a4 h5 26. a5 Qxa5 27. f5 h4 28. Rh3 exf5 29. e6 fxe6 30. Nxe6 Rd7 31. Nd4 Qb6 32. Rxh4 f4 33. Qf2 Rdc7 34. Rh3 Ng6 35. g5 f3 36. Rxf3 Bxf3 37. Bxf3 Nf4 38. Qe3 Rf8 39. Bg4 Rcf7 40. Rf1 Qd6 41. Ne6 Re7 42. Rxf4 Rxf4 43. Qxf4 Rxe6 44. Bxe6+ Qxe6 45. h4 Qe1+ 46. Kh2 Qxc3 47. h5 Qc2+ 48. Kg3 Qd3+ 49. Kf2 Qc2+ 50. Kg3 Qd3+ 1/2-1/2

[Event "BAN-chB 47th"]
[Site "Dhaka"]
[Date "2022.11.02"]
[Round "7"]
[White "Mehdi, Hasan Parag"]
[Black "Md Abu, Hanif"]
[Result "1-0"]
[WhiteElo "2185"]
[BlackElo "2054"]
[PlyCount "93"]
[EventDate "2022.10.27"]
[EventType "swiss"]
[EventRounds "11"]
[EventCountry "BAN"]
[SourceTitle "EXT 2024"]
[Source "ChessBase"]
[SourceDate "2023.10.10"]
[SourceVersion "1"]
[SourceVersionDate "2023.10.10"]
[SourceQuality "1"]

1. e4 e6 2. d4 d5 3. Nc3 Nf6 4. e5 Nfd7 5. f4 c5 6. Nf3 Nc6 7. Ne2 cxd4 8. Nexd4 Nb6 9. Be3 Bd7 10. c3 Rc8 11. Bd3 Nxd4 12. Bxd4 Bc5 13. 0-0 Bxd4+ 14. cxd4 Nc4 15. Qe2 g6 16. Rac1 Na5 17. Kh1 Nc6 18. a3 a6 19. b4 Na7 20. Rc5 Rxc5 21. dxc5 Kf8 22. Nd4 Nc6 23. Nf3 h5 24. Qb2 Ne7 25. Nd4 Nc6 26. Nf3 Ne7 27. Qe2 Qe8 28. Ra1 Kg7 29. Qf2 Ba4 30. Qh4 Ng8 31. Nd4 Qe7 32. Qf2 Nh6 33. h3 Rc8 34. Re1 Bd7 35. Re3 a5 36. Rg3 axb4 37. axb4 b6 38. cxb6 Bc6 39. f5 exf5 40. Bxf5 Bd7 41. Bxd7 Rc1+ 42. Kh2 Ng4+ 43. Bxg4 hxg4 44. Qe3 Rf1 45. Rxg4 Qd7 46. Qg5 Kf8 47. Rf4 1-0

[Event "BAN-chB 47th"]
[Site "Dhaka"]
[Date "2022.10.30"]
[Round "4"]
[White "Mehdi, Hasan Parag"]
[Black "Sacchu, Afzal Hossain"]
[Result "1-0"]
[WhiteElo "2185"]
[BlackElo "2017"]
[PlyCount "71"]
[EventDate "2022.10.27"]
[EventType "swiss"]
[EventRounds "11"]
[EventCountry "BAN"]
[SourceTitle "EXT 2024"]
[Source "ChessBase"]
[SourceDate "2023.10.10"]
[SourceVersion "1"]
[SourceVersionDate "2023.10.10"]
[SourceQuality "1"]

1. e4 c6 2. d4 d5 3. e5 Bf5 4. Nd2 e6 5. Nb3 Nd7 6. Nf3 a5 7. a4 Ne7 8. Be2 Be4 9. 0-0 c5 10. Ng5 Bg6 11. f4 h6 12. Nf3 Nc6 13. c3 c4 14. Nbd2 Be7 15. Kh1 h5 16. Ng5 Qb6 17. Bf3 Nd8 18. Nh3 f6 19. f5 Bxf5 20. Bxh5+ Nf7 21. Nf4 Nf8 22. exf6 Bxf6 23. Nxd5 exd5 24. Bxf7+ Kxf7 25. Rxf5 Qd6 26. Nf3 Ng6 27. Ne5+ Kg8 28. h3 Nxe5 29. dxe5 Bxe5 30. Qg4 Re8 31. Bg5 Bg3 32. Raf1 Rh7 33. Qf3 Be5 34. Rxe5 Rxh3+ 35. Qxh3 Qxe5 36. Qf5 1-0

[Event "Abu Dhabi Masters 28th"]
[Site "Abu Dhabi"]
[Date "2022.08.22"]
[Round "6"]
[White "Mehdi, Hasan Parag"]
[Black "Mahitosh, Dey"]
[Result "0-1"]
[WhiteElo "2211"]
[BlackElo "2220"]
[PlyCount "140"]
[EventDate "2022.08.17"]
[EventType "swiss"]
[EventRounds "9"]
[EventCountry "UAE"]
[SourceTitle "CBM 209 Extra"]
[Source "ChessBase"]
[SourceDate "2022.09.30"]
[SourceVersion "1"]
[SourceVersionDate "2022.09.30"]
[SourceQuality "1"]

1. e4 e5 2. Nf3 Nf6 3. Nxe5 d6 4. Nf3 Nxe4 5. Nc3 Nxc3 6. dxc3 Be7 7. Be3 Nc6 8. Qd2 Be6 9. 0-0-0 Qd7 10. Kb1 Bf6 11. h3 h6 12. g4 0-0-0 13. Bg2 Kb8 14. Nd4 Bxd4 15. cxd4 d5 16. Bf4 Rhf8 17. Rhe1 g5 18. Be5 f6 19. Bg3 f5 20. gxf5 Bxf5 21. h4 g4 22. Re3 h5 23. Rc3 Rc8 24. Rc5 Ne7 25. Qh6 Rg8 26. Re1 b6 27. Rc3 Bg6 28. Re5 Nf5 29. Qf4 Nxg3 30. fxg3 Rgf8 31. Qc1 c6 32. Qe1 Rf6 33. a4 Rcf8 34. a5 Be4 35. Rxe4 dxe4 36. Qxe4 Re8 37. Qd3 Rd6 38. Qa6 Qb7 39. Qc4 Rc8 40. Be4 Qd7 41. axb6 axb6 42. Qb4 b5 43. Qc5 Rc7 44. Bf5 Qe7 45. Be4 Qd7 46. Rd3 Re6 47. Bg2 Ra7 48. b3 Qe7 49. Qb6+ Rb7 50. Qa5 Ra7 51. Qb6+ Rb7 52. Qa5 Rf6 53. Kb2 Rd6 54. Qb4 Re6 55. Qxe7 Rbxe7 56. d5 Rd6 57. b4 cxd5 58. Kc3 d4+ 59. Rxd4 Rc7+ 60. Kd3 Rxd4+ 61. Kxd4 Rxc2 62. Bd5 Kc7 63. Bf7 Kd6 64. Ke3 Rc3+ 65. Ke4 Rxg3 66. Bxh5 Rh3 67. Be8 Rb3 68. h5 g3 69. h6 g2 70. h7 Rh3 0-1

[Event "Abu Dhabi Masters 28th"]
[Site "Abu Dhabi"]
[Date "2022.08.20"]
[Round "5"]
[White "Jain, Kashish Manoj"]
[Black "Mehdi, Hasan Parag"]
[Result "1-0"]
[WhiteElo "2315"]
[BlackElo "2211"]
[PlyCount "95"]
[EventDate "2022.08.17"]
[EventType "swiss"]
[EventRounds "9"]
[EventCountry "UAE"]
[SourceTitle "EXT 2023"]
[Source "ChessBase"]
[SourceDate "2022.10.05"]
[SourceVersion "1"]
[SourceVersionDate "2022.10.05"]
[SourceQuality "1"]

1. e4 e5 2. Nf3 Nc6 3. Bb5 a6 4. Bxc6 dxc6 5. 0-0 Qf6 6. d4 exd4 7. Bg5 Qd6 8. Nxd4 Be7 9. Be3 Nf6 10. f3 0-0 11. Nc3 Qd8 12. Qe2 c5 13. Nb3 b6 14. Rfd1 Qe8 15. e5 Nd7 16. f4 Bb7 17. Bf2 Bd8 18. Rd2 Nb8 19. Rad1 Nc6 20. Nd5 a5 21. c4 a4 22. Na1 a3 23. b3 Qe6 24. Nc2 Re8 25. Qf3 Qh6 26. Re2 Kh8 27. Rde1 Nb4 28. Ncxb4 cxb4 29. f5 Bg5 30. e6 fxe6 31. Rxe6 Rxe6 32. Rxe6 Bf6 33. Be3 Qh4 34. g3 Qh3 35. Qe4 Qh5 36. g4 Qf7 37. g5 Bc3 38. g6 Qg8 39. Re7 Rd8 40. Rxc7 Ba8 41. Bxb6 Bf6 42. Bd4 Bxd5 43. cxd5 Re8 44. gxh7 Kxh7 45. Qg4 Bxd4+ 46. Qxd4 Qf8 47. f6 Re1+ 48. Kf2 1-0

[Event "Olympiad-44"]
[Site "Chennai"]
[Date "2022.08.08"]
[Round "10.4"]
[White "Mehdi, Hasan Parag"]
[Black "Jingjang, Shin"]
[Result "1-0"]
[WhiteElo "2227"]
[BlackElo "1956"]
[PlyCount "61"]
[EventDate "2022.07.29"]
[EventType "team-swiss"]
[EventRounds "11"]
[EventCountry "IND"]
[SourceTitle "CBM 210"]
[Source "ChessBase"]
[SourceDate "2022.10.31"]
[SourceVersion "1"]
[SourceVersionDate "2022.10.31"]
[SourceQuality "1"]
[WhiteTeam "Bangladesh"]
[BlackTeam "Thailand"]
[WhiteTeamCountry "BAN"]
[BlackTeamCountry "THA"]

1. e4 e6 2. d4 d5 3. e5 c5 4. c3 Nc6 5. Nf3 Qb6 6. Be2 Nh6 7. Bxh6 Qxb2 8. Bxg7 Bxg7 9. Nbd2 Qxc3 10. Rc1 Qa3 11. 0-0 c4 12. Bxc4 dxc4 13. Nxc4 Qe7 14. Nd6+ Kf8 15. Nd2 Bh6 16. Rc3 Rg8 17. N2e4 Rg6 18. Qh5 Bg7 19. Rfc1 Rb8 20. Rf3 Nd8 21. Nxc8 Qd7 22. Ncd6 Rh6 23. Qg4 Rg6 24. Qh4 Kg8 25. Rg3 Nc6 26. Ng5 Rh6 27. Qf4 Rf8 28. h4 f6 29. Nxe6 Qxe6 30. Qxh6 Qe7 31. Nf5 1-0

[Event "Olympiad-44"]
[Site "Chennai"]
[Date "2022.08.06"]
[Round "8.4"]
[White "Stark, John"]
[Black "Mehdi, Hasan Parag"]
[Result "0-1"]
[WhiteElo "2028"]
[BlackElo "2227"]
[PlyCount "142"]
[EventDate "2022.07.29"]
[EventType "team-swiss"]
[EventRounds "11"]
[EventCountry "IND"]
[SourceTitle "CBM 210"]
[Source "ChessBase"]
[SourceDate "2022.10.31"]
[SourceVersion "1"]
[SourceVersionDate "2022.10.31"]
[SourceQuality "1"]
[WhiteTeam "New Zealand"]
[BlackTeam "Bangladesh"]
[WhiteTeamCountry "NZL"]
[BlackTeamCountry "BAN"]

1. b3 c5 2. Bb2 Nc6 3. e3 Nf6 4. Nf3 g6 5. Bxf6 exf6 6. c4 Bg7 7. Nc3 f5 8. Rc1 0-0 9. Be2 d6 10. 0-0 g5 11. Ne1 Re8 12. Bd3 g4 13. Qc2 Nb4 14. Qb1 Qg5 15. a3 Nxd3 16. Nxd3 Re6 17. f4 Qh5 18. g3 Bxc3 19. Rxc3 b6 20. Qe1 Bb7 21. Qf2 Rae8 22. Rcc1 Rh6 23. Nb2 Qh3 24. Rc2 Rhe6 25. Re1 Qh6 26. Nd1 Qg7 27. Nc3 Bf3 28. h4 Qd4 29. Nb5 Qe4 30. Rcc1 Qb7 31. Nc3 a6 32. Qf1 d5 33. cxd5 Bxd5 34. Qd3 Bxb3 35. Qxf5 Qf3 36. Re2 Re5 37. Qb1 Bd5 38. Nxd5 Rxd5 39. Rg2 b5 40. Qb2 c4 41. Qf6 Re6 42. Qb2 Red6 43. Qc3 Qe4 44. Rf1 f5 45. Qb4 Rd3 46. a4 Qd5 47. axb5 Qxb5 48. Qxb5 axb5 49. Rb1 Rb6 50. Rb4 Rb3 51. Rxb3 cxb3 52. Kf2 Kf7 53. Rg1 Ke6 54. Rb1 Kd5 55. Rxb3 b4 56. Ke2 Kc4 57. Rb1 b3 58. Rc1+ Kb4 59. e4 fxe4 60. Ke3 Re6 61. f5 Re8 62. Kd4 b2 63. Rf1 Kb3 64. f6 Kc2 65. f7 Rf8 66. Kxe4 Rxf7 67. Rxf7 b1Q 68. Rf4 Kxd2+ 69. Ke5 Qg6 70. Rf5 Ke3 71. Rf4 h5 0-1